Представление документа в формате RUSMARC

ПолеНазваниеЗначение
  Тип записи a
  Библиографический уровень m
001 Контрольный номер RU/SLIB/B/208759246
005 Дата корректировки 20201206204207.6
010 Индекс ISBN __
a ISBN 5-900745-04-Х
d Цена 100-00
101 Язык документа __
a Язык текста rus
200 Заглавие и сведения об ответственности 1_
a Заглавие Пещера Лейхтвейса, или Тридцать лет любви и верности
e Сведения, относящиеся к заглавию роман
f Первые сведения об ответственности В. Редер ; пер. с нем. О. Барышевский
b Общее обозначение материала Текст
h Номер части Т. 3
210 Выходные данные __
a Место издания М.
c Издательство Скрижали-С
d Дата издания 1994
215 Физическое описание __
a Объем 640 с.
300 Общие примечания __
a Общие примечания Дар
330 Аннотация __
a Аннотация Увлекательные похождения и бесчисленные козни недругов, любовь и коварство, бескорыстная дружба и неизменные страсти - все это в избытке выпало на долю благородного юноши Лейхтвейса, волею судеб ставшего разбойником.
517 Другие варианты заглавия __
a Другие варианты заглавия Тридцать лет любви и верности
606 Тематические рубрики __
a Основная рубрика Художественная литература
606 Тематические рубрики __
a Основная рубрика Литература Европы (произведения)
610 Ключевые слова __
a Ключевые слова английская литература; тема приключений; тема любви; тема дружбы; романы; проза
686 Индексы других классификаций __
a Классификационный индекс 84(4Гем)-4
700 Автор _1
a Фамилия Редер
b Имя В.
4 Код отношения 070
702 Вторичная интеллектуальная ответственность _1
a Фамилия Барышевский
b Имя О.
4 Код отношения Переводчик
4 Код отношения 730
801 Источник записи _0
a Страна RU
b Организация Муниципальное бюджетное учреждение культуры "Централизованная библиотечная система" г. Сургут (Центральная городская библиотека им. А. С. Пушкина)
g Правила каталогизации КиК/Уланова
801 Источник записи _1
a Страна RU
b Организация Муниципальное бюджетное учреждение культуры "Централизованная библиотечная система" г. Сургут (Центральная городская библиотека им. А. С. Пушкина)
g Правила каталогизации КиК/Уланова
852 Данные о местонахождении __
j Шифр хранения 84(4Гем)-4
c Каталожный индекс 84(4Гем)-4
i Авторский знак Р 33
p Инвентарный номер 04120168
901 Тип документа __
t Тип документа m
903 Характеристики (МАРС) __
a Дата передачи 20041125
990 Данные о заказе (DOS) __
j Количество экземпляров (DOS) 1
t N записи в КСУ для И/У (DOS) 200412